Bolívar Esencial : (Registro nro. 37521)
[ vista simple ]
| 000 -CABECERA | |
|---|---|
| Longitud fija campo de control | 01208nam a2200253 4500 |
| 003 - • IDENTIFICADOR DELl NÚMERO DE CONTROL | |
| Identificador del número de control | CO-ViMGA |
| 020 ## - • NÚMERO INTERNACIONAL NORMALIZADO PARA LIBROS | |
| Número Internacional Normalizado para Libros (ISBN) | 9789589802793 |
| 040 ## - FUENTE DE LA CATALOGACIÓN | |
| Centro catalogador de origen | CO-ViMGA |
| Lengua de catalogación | spa |
| Centro transcriptor | CO-ViMGA |
| 082 04 - • NÚMERO DE LA CLASIFICACIÓN DECIMAL DEWEY | |
| Número de clasificación (R) | 923.587 |
| Número del ítem | B65b |
| 100 1# - • PUNTO DE ACCESO PRINCIPAL-NOMBRE DE PERSONA | |
| Nombre de persona | Bolivar, Simón. |
| 245 10 - • TITULO PROPIAMENTE DICHO | |
| Título | Bolívar Esencial : |
| Resto del título | el pensamiento y las estrategias del libertador a través de sus manifiestos, proclamas, cartas y discursos,escritos a lo largo de las campañas de independencia.Incluye también el diario de Bucaramanga, de Louis Peru de Lacroix / |
| Mención de responsabilidad, etc. | Simón Bolívar. |
| 300 ## - • DESCRIPCIÓN FÍSICA | |
| Extensión | 323 p. ; |
| Otras características físicas | 21 cm. |
| 500 ## - • NOTA GENERAL | |
| Nota general | Incluye premios de literaturas del bicentenario. Ministerio de cultura 2010. |
| 504 ## - • NOTA DE BIBLIOGRAFÍA, ETC | |
| Nota de bibliografía, etc. | Incluye bibliografías. |
| 650 14 - • PUNTO DE ACCESO ADICIONAL DE MATERIA - TÉRMINO DE MATERIA | |
| Término de materia o nombre geográfico como elemento inicial | América del sur - Historia - Guerras de independencia, fuentes. |
| 650 14 - • PUNTO DE ACCESO ADICIONAL DE MATERIA - TÉRMINO DE MATERIA | |
| Término de materia o nombre geográfico como elemento inicial | Bolivar, Simón - Correspondencia, memorias. |
| 650 14 - • PUNTO DE ACCESO ADICIONAL DE MATERIA - TÉRMINO DE MATERIA | |
| Término de materia o nombre geográfico como elemento inicial | Bolivar, Simón - Discursos. |
| 650 14 - • PUNTO DE ACCESO ADICIONAL DE MATERIA - TÉRMINO DE MATERIA | |
| Término de materia o nombre geográfico como elemento inicial | Bolivar, Simón - Pensamiento político y social. |
| 700 1# - • PUNTO DE ACCESO ADICIONAL - NOMBRE DE PERSONA | |
| Nombre de persona | González Uribe, Guillermo, |
| Término indicativo de función | ed. |
| 700 1# - • PUNTO DE ACCESO ADICIONAL - NOMBRE DE PERSONA | |
| Nombre de persona | Hernández, Cristian, |
| Término indicativo de función | ed. |
| 700 1# - • PUNTO DE ACCESO ADICIONAL - NOMBRE DE PERSONA | |
| Nombre de persona | Mejía, Ana Cristina, |
| Término indicativo de función | ed. |
| 942 ## - ENTRADA DE ELEMENTOS AGREGADOS (KOHA) | |
| Fuente de clasificaión o esquema | Dewey Decimal Classification |
| Koha [por defecto] tipo de item | LIbro |
| Perdido | Fuente de clasificación o esquema | Estado Físico | No para préstamo | Forma de adquisición | Localización permanente | Localización actual | Fecha adquisición | Préstamos totales | Signatura completa | Código de barras | Fecha última consulta | Número de copia | Fecha del precio de reemplazo | Tipo de item de Koha | Localización en estanterías | Note pública |
|---|---|---|---|---|---|---|---|---|---|---|---|---|---|---|---|---|
| Dewey Decimal Classification | Colección General | Biblioteca Pública San Carlos de Guaroa - Eduardo Carranza | Biblioteca Pública San Carlos de Guaroa - Eduardo Carranza | 08/12/2025 | 923.587 B65b | SG03879 | 08/12/2025 | Ej.1 | 08/12/2025 | LIbro | General | |||||
| Sala General | Biblioteca Pública Departamental Eduardo Carranza - Villavicencio | Biblioteca Pública Departamental Eduardo Carranza - Villavicencio | 02/08/2012 | 923.587 B64 | ECA20566 | 11/26/2024 | Ej.1 | 11/26/2024 | LIbro | General | 15119 | 19763 | |||||
| Dewey Decimal Classification | Sala General Segundo Piso | Biblioteca Pública Germán Arciniegas - Villavicencio | Biblioteca Pública Germán Arciniegas - Villavicencio | 09/30/2016 | 923.587 B65b | 30849 | 09/30/2016 | Ej. 1 | 09/30/2016 | LIbro |